000 01100nam0a22002531 4500
001 rc\867780
005 20260407053821.0
035 _a(NLR Aleph) 006046604
090 _a4760692
_c4760692
100 _a20041129d1983 |||y0rusy50 ca
101 0 _arus
102 _aRU
105 _aa |||||||||
200 1 _aСырьевая база газо-химических комплексов Восточной Туркмении
_e(Геол. предпосылки)
_fС.Ш. Батыров, С.Н. Алехин, Г.И. Амурский и др.
210 _aАшхабад
_cТуркменНИИНТИ
_d1983
215 _a51 с.
_cил.
_d20
300 _aВ надзаг.: Госплан ТССР, НИИ НТИ и техн.-экон. исслед.
701 1 _aБатыров
_bС.Ш.
712 0 2 _aНИИ научно-технической информации и технико-экономических исследований
_cАшхабад
_3RU\NLR\AUTH\8810023857
_9545761
801 0 _aRU
_bNLR
_gpsbo
801 1 _aRU
_bELAR
_2rusmarc
852 _aNLR
_j84-4/17563
942 _cBOOK
980 _aNB